000 00362nam a2200157Ia 4500
008 221030s9999 xx 000 0 und d
020 _a818724822X
041 _aEnglish
082 _a105.23
_bSoo
100 _aS. P. Sood
245 0 _aExcellence in Information Technology
260 _bRaj Pub.
_aJaipur
_c2000
300 _a269
650 _aIT
942 _cBK
999 _c1172
_d1172